000 00634nam a22002057a 4500
003 OSt
005 20251124133652.0
008 251124b |||||||| |||| 00| 0 eng d
020 _a971-27-1337-7.
040 _aDWCL-Main lib.
_cOC
082 _2Vol. 2, New ed.
_aFil. 339 S565e 2003
100 _aSicat, Gerardo P.
245 _aEconomics :
_bmacroeconomics vol 2./
_cGerardo P. Sicat
250 _aVol. 2, New ed.
260 _aPasig City :
_b Anvil Pub.,
_c c2003.
300 _axxii, 467 p.
_b: ill.
_c; 24 cm.
504 _aIncludes index.
650 _aMacroeconomics.
942 _2ddc
_cBK - FIL
_eVol. 2, New ed.
_hFil.
_n0
999 _c6088
_d6088